La profesión de Don Quijote /

שמור ב:
מידע ביבליוגרפי
מחבר ראשי: Doren, Mark van (autor)
פורמט: ספר
שפה:ספרדית
יצא לאור: México : Fondo de Cultura Económica, 1962, c1962
תגים: הוספת תג
אין תגיות, היה/י הראשונ/ה לתייג את הרשומה!

MARC

LEADER 00000nam^a2200000^a^4500
001 000594187
005 20250521000000.0
009 20260310133022.285
037 |a Acervo Xavier Clavigero 
041 |a ESP 
091 |a FDU. 00114 
100 |a Doren, Mark van  |e (autor) 
240 1 4 |a [La profesión de Don Quijote] 
245 1 3 |a La profesión de Don Quijote / 
264 4 |a México :  |b Fondo de Cultura Económica,  |c 1962, c1962 
300 |a 109 p. 
336 |a texto  |b txt  |2 rdacontenido 
337 |a sin mediación  |b n  |2 rdamedio 
338 |a volumen  |b nc  |2 rdasoporte 
649 |a XX 
910 |a Fondo Víctor Raúl Durana Valerio S.J. 
920 |a Impresos - Libros 
930 |a Fondos Especiales 
940 |a Literatura 
905 |a 116 
901 |a 594187-10  |b IT2  |c ESP  |i D4748  |u 20250521 
902 |a https://opac.biblio.iteso.mx/vufind/Record/000594187